| 000 | 01270nam a22002777a 4500 | ||
|---|---|---|---|
| 001 | TZ 0016 | ||
| 003 | gtcocun | ||
| 005 | 20250926192616.0 | ||
| 006 | a||||gr|||| 00| 0 | ||
| 007 | ta | ||
| 008 | 250926b1998 gt ||||| m||| 00| 0 eng d | ||
| 040 |
_agtcocun _bSPA _cgtcocun _eRDA |
||
| 041 | _aSPA | ||
| 084 | _0TZ 0016 | ||
| 100 |
_aMonterroso Trujillo, Erwin Fernando _eAutor |
||
| 245 |
_aEVALUACIÓN COMPARATIVA DEL EFECTO DE PERÓXIDO DE HIDRÓGENO Y AMONIO CUARTENARIO, ADDICIONADO AL AGUA DE BEBIDA DEL POLLO DE ENGORDE EN FASE DE CRECIEMIENTO Y CEBA CONFINADO EN JAULA./ _cErwin Fernando Monterroso Trujillo. _hImpreso |
||
| 264 |
_aCobán, Alta Verapaz: _bUniversidad de San Carlos de Guatemala, Centro Universitario del Norte, Zootecnia _c1998 |
||
| 300 |
_a33 p.: _bIlustraciones, gráficas. _c28 cm; |
||
| 502 | _eTZ 0016 | ||
| 502 |
_aTesis de grado _bZootecnia, _cUniversidad de San Carlos de Guatemala, Centro Universitario del Norte, Zootecnia _d1998 _oTZ 0016 |
||
| 650 | 1 | 4 |
_2LEMB _aTactic, Alta Verapaz _xZootecnia _xGranja _xHidrogeno _xHubbard _xAmonio cuartenario _xPeróxido |
| 700 | _eAsesor | ||
| 856 |
_uSin archivo en línea. _zSin archivo en línea. |
||
| 942 |
_2ddc _cTES _iTZ 0016 _kClasificación _n0 _6TZ_0016_000000000000000 |
||
| 999 |
_c2163 _d2163 |
||